000 00275nam a2200109Ia 4500
008 200302s9999 xx 000 0 und d
100 _aRoger Yee
245 _aEducational Environments No.3
260 _bVisual Reference Publications Inc.,
260 _c2007
300 _a239 P.,
999 _c3272
_d3272